[Event "89_| Campeonato Brasileiro 2023"]
[Site "Recife"]
[Date "2023.12.14"]
[Round "2.5"]
[White "Ferreira Junior, Luiz Carlos A"]
[Black "Quintiliano Pinto, Renato Rodrigues"]
[Result "0-1"]
[WhiteElo "2037"]
[BlackElo "2489"]
[PlyCount "69"]
[EventDate "2023.??.??"]
[EventCountry "BRA"]
[TimeControl "90+30"]
[WhiteClock "0:29:00"]
[BlackClock "0:30:51"]

1. d4 {[%emt 0:00:00]} Nf6 {[%emt 0:00:00]} 2. Nf3 {[%emt 0:00:00]} d5 {
[%emt 0:00:00]} 3. c4 {[%emt 0:00:00]} e6 {[%emt 0:00:00]} 4. cxd5 {[%emt 0:00:
00]} exd5 {[%emt 0:00:00]} 5. Nc3 {[%emt 0:00:00]} c6 {[%emt 0:00:00]} 6. Bg5 {
[%emt 0:00:00]} Be7 {[%emt 0:00:00]} 7. Qc2 {[%emt 0:00:00]} g6 {[%emt 0:00:00]
} 8. e3 {[%emt 0:00:00]} Bf5 {[%emt 0:00:00]} 9. Bd3 {[%emt 0:00:00]} Bxd3 {
[%emt 0:00:00]} 10. Qxd3 {[%emt 0:00:00]} Nbd7 {[%emt 0:00:00]} 11. O-O {
[%emt 0:00:00]} O-O {[%emt 0:00:00]} 12. Rab1 {[%emt 0:00:00]} a5 {[%emt 0:00:
00]} 13. a3 {[%emt 0:00:00]} a4 {[%emt 0:00:00]} 14. Qc2 {[%emt 0:00:00]} Nb6 {
[%emt 0:00:00]} 15. Ne5 {[%emt 0:00:00]} Ra7 {[%emt 0:00:00]} 16. Rbc1 {
[%emt 0:00:00]} Re8 {[%emt 0:00:00]} 17. Nb1 {[%emt 0:00:00]} Ne4 {[%emt 0:00:
00]} 18. Bf4 {[%emt 0:00:00]} Bd6 {[%emt 0:00:00]} 19. Nd2 {[%emt 0:00:00]}
Bxe5 {[%emt 0:00:00]} 20. dxe5 {[%emt 0:00:00]} Nxd2 {[%emt 0:00:00]} 21. Qxd2
{[%emt 0:00:00]} Nc4 {[%emt 0:00:00]} 22. Qd4 {[%emt 0:00:00]} Ra6 {[%emt 0:00:
00]} 23. e4 {[%emt 0:00:00]} Qb6 {[%emt 0:00:00]} 24. Rfd1 {[%emt 0:00:00]}
Nxb2 {[%emt 0:00:00]} 25. Rb1 {[%emt 0:00:00]} Qxd4 {[%emt 0:00:00]} 26. Rxd4 {
[%emt 0:00:00]} Nc4 {[%emt 0:00:00]} 27. exd5 {[%emt 0:00:00]} Nxa3 {[%emt 0:
00:00]} 28. Rc1 {[%emt 0:00:00]} Nb5 {[%emt 0:00:00]} 29. Rb4 {[%emt 0:00:00]}
a3 {[%emt 0:00:00]} 30. d6 {[%emt 0:00:00]} Nc3 {[%emt 0:00:00]} 31. Kf1 {
[%emt 0:00:00]} Nd5 {[%emt 0:00:00]} 32. Rd4 {[%emt 0:00:00]} Nxf4 {[%emt 0:00:
00]} 33. Rxf4 {[%emt 0:00:00]} a2 {[%emt 0:00:00]} 34. Ra1 {[%emt 0:00:00]}
Rxe5 {[%emt 0:00:00]} 35. Rb4 {[%emt 0:00:00]} 0-1

[Event "89_| Campeonato Brasileiro 2023"]
[Site "Recife"]
[Date "2023.12.14"]
[Round "2.6"]
[White "Di Berardino, Diego Rafael"]
[Black "De Santana, Jose Ricardo Gonca"]
[Result "1-0"]
[WhiteElo "2477"]
[BlackElo "2036"]
[PlyCount "71"]
[EventDate "2023.??.??"]
[EventCountry "BRA"]
[TimeControl "90+30"]
[WhiteClock "0:40:11"]
[BlackClock "0:00:32"]

1. d4 {[%emt 0:00:00]} d5 {[%emt 0:00:00]} 2. c4 {[%emt 0:00:00]} c6 {[%emt 0:
00:00]} 3. Nf3 {[%emt 0:00:00]} Nf6 {[%emt 0:00:00]} 4. Nc3 {[%emt 0:00:00]} e6
{[%emt 0:00:00]} 5. cxd5 {[%emt 0:00:00]} exd5 {[%emt 0:00:00]} 6. Bg5 {
[%emt 0:00:00]} Be7 {[%emt 0:00:00]} 7. e3 {[%emt 0:00:00]} Bf5 {[%emt 0:00:00]
} 8. Nh4 {[%emt 0:00:00]} Be6 {[%emt 0:00:00]} 9. Bd3 {[%emt 0:00:00]} h6 {
[%emt 0:00:00]} 10. Bf4 {[%emt 0:00:00]} Qc8 {[%emt 0:00:00]} 11. Qc2 {[%emt 0:
00:00]} Nh5 {[%emt 0:00:00]} 12. Nf3 {[%emt 0:00:00]} Nd7 {[%emt 0:00:00]} 13.
Be5 {[%emt 0:00:00]} Nhf6 {[%emt 0:00:00]} 14. O-O-O {[%emt 0:00:00]} b5 {
[%emt 0:00:00]} 15. h3 {[%emt 0:00:00]} a5 {[%emt 0:00:00]} 16. g4 {[%emt 0:00:
00]} Nxe5 {[%emt 0:00:00]} 17. Nxe5 {[%emt 0:00:00]} Nd7 {[%emt 0:00:00]} 18.
f4 {[%emt 0:00:00]} Nxe5 {[%emt 0:00:00]} 19. dxe5 {[%emt 0:00:00]} Qb7 {
[%emt 0:00:00]} 20. Kb1 {[%emt 0:00:00]} a4 {[%emt 0:00:00]} 21. Rhf1 {[%emt 0:
00:00]} d4 {[%emt 0:00:00]} 22. exd4 {[%emt 0:00:00]} b4 {[%emt 0:00:00]} 23.
f5 {[%emt 0:00:00]} Bxa2+ {[%emt 0:00:00]} 24. Nxa2 {[%emt 0:00:00]} b3 {
[%emt 0:00:02]} 25. Qf2 {[%emt 0:00:00]} bxa2+ {[%emt 0:00:18]} 26. Ka1 {
[%emt 0:00:00]} Rb8 {[%emt 0:03:18]} 27. Bc4 {[%emt 0:00:00]} a3 {[%emt 0:04:
01]} 28. b3 {[%emt 0:00:00]} Qb4 {[%emt 0:00:38]} 29. Qc2 {[%emt 0:00:00]} Bg5
{[%emt 0:02:12]} 30. f6 {[%emt 0:00:00]} gxf6 {[%emt 0:00:45]} 31. exf6 {
[%emt 0:00:00]} Kf8 {[%emt 0:00:18]} 32. Kxa2 {[%emt 0:00:00]} Re8 {[%emt 0:00:
34]} 33. d5 {[%emt 0:00:00]} cxd5 {[%emt 0:05:09]} 34. Rxd5 {[%emt 0:00:00]}
Bxf6 {[%emt 0:00:43]} 35. Rxf6 {[%emt 0:00:00]} Qe1 {[%emt 0:00:30]} 36. Rxf7+
{[%emt 0:00:00]} 1-0

[Event "89_| Campeonato Brasileiro 2023"]
[Site "Recife"]
[Date "2023.12.14"]
[Round "2.7"]
[White "Urquiza, Marcello de Albuque"]
[Black "Santiago, Yago De Moura"]
[Result "0-1"]
[WhiteElo "2034"]
[BlackElo "2476"]
[PlyCount "54"]
[EventDate "2023.??.??"]
[EventCountry "BRA"]
[TimeControl "90+30"]
[WhiteClock "0:13:12"]
[BlackClock "1:06:43"]

1. e4 {[%emt 0:00:00]} c6 {[%emt 0:00:00]} 2. d4 {[%emt 0:00:00]} d5 {[%emt 0:
00:00]} 3. Nc3 {[%emt 0:00:00]} dxe4 {[%emt 0:00:00]} 4. Nxe4 {[%emt 0:00:00]}
Bf5 {[%emt 0:00:00]} 5. Ng3 {[%emt 0:00:00]} Bg6 {[%emt 0:00:00]} 6. h4 {
[%emt 0:00:00]} h6 {[%emt 0:00:00]} 7. h5 {[%emt 0:00:00]} Bh7 {[%emt 0:00:00]}
8. Bd3 {[%emt 0:00:00]} Bxd3 {[%emt 0:00:00]} 9. Qxd3 {[%emt 0:00:00]} Nf6 {
[%emt 0:00:00]} 10. Bd2 {[%emt 0:00:00]} e6 {[%emt 0:00:00]} 11. O-O-O {
[%emt 0:00:00]} Be7 {[%emt 0:00:00]} 12. Nf3 {[%emt 0:00:00]} Nbd7 {[%emt 0:00:
00]} 13. Ne4 {[%emt 0:00:00]} O-O {[%emt 0:00:00]} 14. Nxf6+ {[%emt 0:00:00]}
Nxf6 {[%emt 0:00:00]} 15. Qe2 {[%emt 0:00:00]} Qd5 {[%emt 0:00:00]} 16. c4 {
[%emt 0:00:00]} Qe4 {[%emt 0:00:00]} 17. Rde1 {[%emt 0:00:00]} Qxe2 {[%emt 0:
00:00]} 18. Rxe2 {[%emt 0:00:00]} Rfd8 {[%emt 0:00:00]} 19. g4 {[%emt 0:00:00]}
Nxg4 {[%emt 0:00:00]} 20. Rg1 {[%emt 0:00:00]} f5 {[%emt 0:00:00]} 21. Rxe6 {
[%emt 0:00:00]} Bf6 {[%emt 0:00:00]} 22. Bc3 {[%emt 0:00:00]} Re8 {[%emt 0:00:
00]} 23. Rxe8+ {[%emt 0:00:00]} Rxe8 {[%emt 0:00:00]} 24. d5 {[%emt 0:00:00]}
cxd5 {[%emt 0:00:00]} 25. cxd5 {[%emt 0:14:00]} Rc8 {[%emt 0:00:00]} 26. Kb1 {
[%emt 0:00:30]} Rc5 {[%emt 0:14:30]} 27. Bd4 {[%emt 0:00:00]} Rxd5 {[%emt 0:00:
00]} 0-1

[Event "89_| Campeonato Brasileiro 2023"]
[Site "Recife"]
[Date "2023.12.14"]
[Round "2.8"]
[White "Matsuura, Everaldo"]
[Black "Santiago, Vandeck Souza"]
[Result "1-0"]
[WhiteElo "2418"]
[BlackElo "2029"]
[PlyCount "87"]
[EventDate "2023.??.??"]
[EventCountry "BRA"]
[TimeControl "90+30"]
[WhiteClock "1:20:25"]
[BlackClock "1:30:11"]

1. e4 {[%emt 0:02:00]} c5 {[%emt 0:00:00]} 2. Nf3 {[%emt 0:00:00]} g6 {[%emt 0:
00:00]} 3. d4 {[%emt 0:00:00]} cxd4 {[%emt 0:00:00]} 4. Nxd4 {[%emt 0:00:00]}
Nc6 {[%emt 0:00:00]} 5. c4 {[%emt 0:00:00]} Nf6 {[%emt 0:00:00]} 6. Nc3 {
[%emt 0:00:00]} d6 {[%emt 0:00:00]} 7. Be2 {[%emt 0:00:00]} Nxd4 {[%emt 0:00:
00]} 8. Qxd4 {[%emt 0:00:00]} Bg7 {[%emt 0:00:00]} 9. Be3 {[%emt 0:00:00]} O-O
{[%emt 0:00:00]} 10. Qd2 {[%emt 0:00:00]} Qa5 {[%emt 0:00:00]} 11. O-O {
[%emt 0:00:00]} Be6 {[%emt 0:00:00]} 12. Rab1 {[%emt 0:00:00]} Rfc8 {[%emt 0:
00:00]} 13. b3 {[%emt 0:00:00]} Ng4 {[%emt 0:00:00]} 14. Nd5 {[%emt 0:00:00]}
Qxd2 {[%emt 0:00:00]} 15. Bxd2 {[%emt 0:00:00]} Kf8 {[%emt 0:00:00]} 16. Bg5 {
[%emt 0:00:00]} f6 {[%emt 0:00:00]} 17. Bd2 {[%emt 0:00:00]} Ne5 {[%emt 0:00:
00]} 18. f4 {[%emt 0:00:00]} Nc6 {[%emt 0:00:00]} 19. Bd3 {[%emt 0:00:00]} Bf7
{[%emt 0:00:00]} 20. g4 {[%emt 0:00:00]} e6 {[%emt 0:00:00]} 21. Ne3 {[%emt 0:
00:00]} a5 {[%emt 0:00:00]} 22. Rbc1 {[%emt 0:00:00]} Nb8 {[%emt 0:00:00]} 23.
Nd1 {[%emt 0:00:00]} Nd7 {[%emt 0:00:00]} 24. Nc3 {[%emt 0:00:00]} Nc5 {
[%emt 0:00:00]} 25. Bb1 {[%emt 0:00:00]} h5 {[%emt 0:00:00]} 26. gxh5 {[%emt 0:
00:00]} gxh5 {[%emt 0:00:00]} 27. Be3 {[%emt 0:00:00]} Bh6 {[%emt 0:00:00]} 28.
Rcd1 {[%emt 0:00:00]} Ke7 {[%emt 0:00:00]} 29. Nb5 {[%emt 0:00:00]} Ra6 {
[%emt 0:00:00]} 30. Kf2 {[%emt 0:00:00]} e5 {[%emt 0:00:00]} 31. Nxd6 {[%emt 0:
00:00]} Rxd6 {[%emt 0:00:00]} 32. Rxd6 {[%emt 0:00:00]} Kxd6 {[%emt 0:00:00]}
33. fxe5+ {[%emt 0:00:00]} fxe5 {[%emt 0:00:00]} 34. Rd1+ {[%emt 0:00:00]} Ke7
{[%emt 0:00:00]} 35. Bxh6 {[%emt 0:00:00]} Rg8 {[%emt 0:00:00]} 36. h4 {
[%emt 0:00:00]} Rg4 {[%emt 0:00:00]} 37. Bg5+ {[%emt 0:00:00]} Ke6 {[%emt 0:00:
00]} 38. Rd5 {[%emt 0:00:00]} Nxe4+ {[%emt 0:00:00]} 39. Bxe4 {[%emt 0:00:00]}
Rxe4 {[%emt 0:00:00]} 40. Rb5 {[%emt 0:00:00]} Be8 {[%emt 0:00:00]} 41. Rxb7 {
[%emt 0:00:00]} Bc6 {[%emt 0:00:00]} 42. Ra7 {[%emt 0:00:00]} Kf5 {[%emt 0:00:
00]} 43. Rh7 {[%emt 0:00:00]} Be8 {[%emt 0:00:00]} 44. Kf3 {[%emt 0:00:00]} 1-0

[Event "89_| Campeonato Brasileiro 2023"]
[Site "Recife"]
[Date "2023.12.14"]
[Round "3.1"]
[White "Supi, Luis Paulo"]
[Black "Labussiere, Yago"]
[Result "1-0"]
[WhiteElo "2579"]
[BlackElo "2182"]
[Annotator "Stockfish 16 (CB)"]
[PlyCount "69"]
[EventDate "2023.??.??"]
[EventCountry "BRA"]
[WhiteClock "0:19:36"]
[BlackClock "0:00:31"]

{[%evp 10,69,34,11,27,13,23,2,2,4,6,9,1,1,32,20,26,34,47,35,36,6,22,6,8,5,9,
-19,0,0,0,3,0,0,10,0,43,42,88,104,89,77,160,168,159,148,284,275,250,271,275,
214,396,389,425,340,359,359,678,670,631,633]} 1. e4 c5 2. Nf3 d6 3. d4 cxd4 4.
Nxd4 Nf6 5. Nc3 Nc6 6. h3 g6 {B56: Classical Sicilian: Unusual Lines.} 7. Be3
Bg7 8. Bb5 Bd7 {The position is equal.} 9. Bd3 $146 (9. Be2 {keeps more
tension.} O-O 10. O-O a6 11. Qd2 Rc8 12. Rad1) ({Predecessor:} 9. Qd2 a6 10.
Ba4 Nxd4 11. Bxd7+ Qxd7 12. Bxd4 b5 13. Qd3 Qe6 14. Bxf6 Bxf6 15. Nd5 Rc8 16.
Nxf6+ Qxf6 17. Rb1 {1/2-1/2 (17) Truong,S (2349)-Tran,L (2378) Hanoi 2022})
9... Nxd4 10. Bxd4 O-O 11. O-O a5 12. Qe2 Bc6 13. Rad1 Nd7 14. Bxg7 Kxg7 15.
Bb5 Qb6 16. Bxc6 bxc6 17. b3 Nc5 18. a4 Qb4 19. Qe3 Ne6 20. Rd3 Qc5 21. Qd2
Rae8 22. Kh1 g5 23. Ne2 {[%cal Bc3e2,Be2g3,Bg3h5][%mdl 32]} f5 24. exf5 Rxf5
25. Ng3 Rd5 {[#]} (25... Re5 $142) 26. Nh5+ $1 $16 Kg6 27. Re1 $36 {[%mdl 2048]
White is in control.} Re5 (27... Ng7 $16) 28. Rxe5 $18 dxe5 29. Ng3 Rf8 30. Ne4
Qb6 $2 (30... Qb4) 31. Rd7 Rd8 32. Qd3 {Intending Nd6+ and mate.} Nf4 33. Qd1
Ne6 $2 {[#]} (33... Rxd7 34. Qxd7 Qb4) 34. Qg4 $1 {[%mdl 512]} Rxd7 35. Qxe6+ {
[%mdl 64] Double Attack. Accuracy: White = 68%, Black = 42%.} 1-0

[Event "89_| Campeonato Brasileiro 2023"]
[Site "Recife"]
[Date "2023.12.14"]
[Round "3.2"]
[White "Marra, Eduardo da Costa"]
[Black "Mekhitarian, Krikor Sevag"]
[Result "1/2-1/2"]
[WhiteElo "2170"]
[BlackElo "2559"]
[PlyCount "73"]
[EventDate "2023.??.??"]
[EventCountry "BRA"]
[TimeControl "90+30"]
[WhiteClock "0:08:59"]
[BlackClock "0:02:33"]

{[%evp 12,73,30,34,51,50,43,2,7,6,9,-38,-28,-85,-54,-53,-62,-96,-100,-115,-75,
-110,-62,-91,-65,-64,22,29,30,28,36,38,74,56,81,81,183,10,10,7,9,9,10,10,17,0,
0,0,0,0,-2,0,0,0,0,0,0,0,0,0,0,0,0,0]} 1. e4 {[%emt 0:00:00]} c5 {[%emt 0:00:
00]} 2. Nf3 {[%emt 0:00:00]} d6 {[%emt 0:00:00]} 3. d4 {[%emt 0:00:00]} cxd4 {
[%emt 0:00:00]} 4. Nxd4 {[%emt 0:00:00]} Nf6 {[%emt 0:00:00]} 5. Nc3 {[%emt 0:
00:00]} a6 {[%emt 0:00:00]} 6. h3 {[%emt 0:00:00]} e6 {[%emt 0:00:00]} 7. g4 {
[%emt 0:00:00]} Nfd7 {[%emt 0:00:00] B81: Sicilian Scheveningen: Keres Attack.}
8. Bg2 {[%emt 0:00:00]} (8. Be3 {looks sharper.} b5 9. a3 Bb7 10. Qd2 Be7 11.
g5) 8... Nc6 {[%emt 0:00:00]} 9. Nxc6 {[%emt 0:00:00]} bxc6 {[%emt 0:00:00]}
10. b3 $146 {[%emt 0:00:00]} ({Predecessor:} 10. Be3 Be7 11. O-O O-O 12. f4 Rb8
13. Na4 c5 14. c4 Nb6 15. Nxb6 Qxb6 16. b3 {0-1 (30) Mompel Ferruz,X (2096)
-Janukshan,B (1605) Batumi 2022}) 10... Be7 {[%emt 0:00:00]} 11. Bb2 {[%emt 0:
00:00]} e5 {[%emt 0:00:00]} 12. g5 {[%eval -85,24] [%emt 0:00:00]} (12. Qd2 $11
{[%eval -28,24]}) 12... Nc5 {[%emt 0:00:00]} 13. h4 {[%emt 0:00:00]} h6 {
[%emt 0:00:00]} 14. gxh6 {[%emt 0:00:00]} Rxh6 {[%emt 0:00:00]} 15. h5 {
[%emt 0:00:00]} a5 {[%emt 0:00:00]} 16. a4 {[%emt 0:00:00]} Ne6 {[%emt 0:00:00]
} 17. Ne2 {[%emt 0:00:00]} Ba6 {[%emt 0:00:00]} 18. Ng3 {[%emt 0:00:00]} Nf4 {
[%eval 22,24] [%emt 0:00:00]} (18... d5 $15 {[%eval -64,29]}) 19. Bf1 $11 {
[%emt 0:00:00]} Bxf1 {[%emt 0:00:00]} 20. Kxf1 {[%emt 0:00:00]} g6 {[%emt 0:00:
00]} 21. Qf3 {[%emt 0:00:00]} Qd7 {[%emt 0:00:00]} 22. Rd1 {[%emt 0:00:00]
Threatens to win with Bxe5!} Qe6 {[%emt 0:00:00] [#]} 23. Bc1 $1 {[%emt 0:00:
00]} Bg5 {[%eval 183,27] [%emt 0:00:00]} (23... Qf6 $16 {[%eval 81,27]}) 24.
Ne2 $2 {[%eval 10,32] [%emt 0:00:00]} ({Better is} 24. hxg6 $18 {[%eval 183,27]
} fxg6 25. Bxf4 Bxf4 26. Rxh6 Bxh6 {[#]} 27. Nf5 $1 {[%mdl 512]} gxf5 28. exf5
{[%mdl 64] Discovered Attack}) 24... Rxh5 {[%emt 0:00:00] The position is
equal.} 25. Nxf4 {[%emt 0:00:00]} (25. Bxf4 {feels hotter.} Bxf4 26. Rxh5 gxh5
27. Rd3 O-O-O 28. Qxh5 Qg6 29. Rh3) 25... Bxf4 {[%emt 0:00:00]} 26. Rxh5 {
[%emt 0:00:00]} gxh5 {[%emt 0:00:00]} 27. Bxf4 {[%emt 0:00:00]} exf4 {[%emt 0:
00:00]} 28. Qxf4 {[%emt 0:00:00][%mdl 4096] Endgame KQR-KQR} O-O-O {[%emt 0:00:
00]} 29. Rd3 {[%emt 0:00:00]} d5 {[%emt 0:00:00]} 30. Rf3 {[%emt 0:02:04]} dxe4
{[%emt 0:00:00]} 31. Re3 {[%emt 0:02:54]} f5 {[%emt 0:00:00]} 32. Rg3 {[%emt 0:
00:02]} Rd5 {[%emt 0:01:58]} 33. Rg5 {[%emt 0:01:53]} Qe5 {[%emt 0:01:45]} 34.
Qxe5 {[%emt 0:02:33]} Rxe5 {[%emt 0:00:01]} 35. Rxh5 {[%emt 0:00:02]} Rc5 {
[%emt 0:10:50]} 36. Ke1 {[%emt 0:01:30]} Rxc2 {[%emt 0:02:23]} 37. Rxf5 {
[%emt 0:00:03] Accuracy: White = 72%, Black = 63%.} 1/2-1/2

[Event "89_| Campeonato Brasileiro 2023"]
[Site "Recife"]
[Date "2023.12.14"]
[Round "3.3"]
[White "Fier, Alexandr"]
[Black "Tomiello, Mateus Costamilan"]
[Result "1-0"]
[WhiteElo "2545"]
[BlackElo "2157"]
[PlyCount "123"]
[EventDate "2023.??.??"]
[EventCountry "BRA"]
[TimeControl "90+30"]
[WhiteClock "0:17:55"]
[BlackClock "0:01:07"]

{[%evp 15,123,27,33,32,34,24,32,34,37,32,23,26,28,13,106,40,47,-5,68,59,54,62,
69,60,86,59,60,60,104,17,28,22,33,-46,54,48,48,48,393,395,354,24,39,33,62,64,
64,63,61,35,46,50,61,88,78,23,16,13,17,17,31,63,428,380,498,409,369,317,542,
505,519,234,251,252,246,212,185,247,531,537,470,34,48,48,48,0,52,0,0,0,29977,
29978,29978,29979,29979,29980,29981,29982,29981,29982,29986,29987,29987,29988,
29987,29988,29988,29981,29981,29982]} 1. e4 {[%emt 0:00:00]} c6 {[%emt 0:00:00]
} 2. d4 {[%emt 0:00:00]} d5 {[%emt 0:00:00]} 3. Nd2 {[%emt 0:00:00]} dxe4 {
[%emt 0:00:00]} 4. Nxe4 {[%emt 0:00:00]} Nf6 {[%emt 0:00:00]} 5. Nxf6+ {
[%emt 0:00:00]} exf6 {[%emt 0:00:00]} 6. c3 {[%emt 0:00:00]} Bd6 {[%emt 0:00:
00]} 7. Bd3 {[%emt 0:00:00]} O-O {[%emt 0:00:00]} 8. Ne2 {[%emt 0:00:00]} Re8 {
[%emt 0:00:00]} 9. Qc2 {[%emt 0:00:00] B15: Caro-Kann: 3 Nc3:3...g6 and 3...
dxe4 4 Nxe4 Nf6 5 Nxf6+ exf6.} h5 {[%emt 0:00:00]} 10. Be3 {[%emt 0:00:00]} Nd7
{[%emt 0:00:00]} 11. O-O-O {[%emt 0:00:00] White is slightly better.} Nf8 {
[%emt 0:00:00]} 12. Kb1 {[%emt 0:00:00]} Be6 {[%emt 0:00:00]} 13. c4 {[%emt 0:
00:00]} Rc8 {[%emt 0:00:00]} 14. Nc3 {[%emt 0:00:00]} a6 {[%eval 106,20] [%emt
0:00:00]} (14... Bb4 $11 {[%eval 13,27] remains equal.}) 15. a3 {[%eval 40,24]
[%emt 0:00:00]} ({Better is} 15. c5 $1 $16 {[%eval 106,20][%cal Rc5d6]} Bc7 16.
Be4) 15... g6 {[%emt 0:00:00]} 16. Ne4 $146 {[%emt 0:00:00]} ({Predecessor:} 
16. c5 Bb8 17. Be4 f5 18. d5 cxd5 19. Bxd5 Qe7 20. Bd4 Red8 21. Rhe1 Rd7 22. f3
{1/2-1/2 (31) Borrmann,L (2300)-Hofstadler,M (2090) St Veit 2022}) 16... Bf5 {
[%eval 68,28] [%emt 0:00:00]} ({Black should try} 16... b5 $11 {[%eval -5,24]})
17. h3 $14 {[%emt 0:00:00]} Bxe4 {[%emt 0:00:00]} 18. Bxe4 {[%emt 0:00:00]} Qc7
{[%emt 0:00:00]} 19. Bd2 {[%emt 0:00:00]} h4 {[%emt 0:00:00]} 20. Bc3 {[%emt 0:
00:00]} f5 {[%emt 0:00:00]} 21. Bf3 {[%emt 0:00:00]} Ne6 {[%emt 0:00:00]} 22.
d5 {[%eval 17,29] [%emt 0:00:00]} (22. Rhe1 $1 $16 {[%eval 104,24]}) 22... Ng5
$11 {[%emt 0:00:00]} 23. dxc6 {[%emt 0:00:00]} bxc6 {[%emt 0:00:00]} 24. Rd4 {
[%eval -46,28] [%emt 0:00:00]} (24. Rd3 $14 {[%eval 33,29]}) 24... f4 {[%eval
54,27] [%emt 0:00:00]} (24... Nxf3 $15 {[%eval -46,28]} 25. gxf3 Be5) 25. Rhd1
{[%emt 0:00:00]} Be5 $1 {[%emt 0:00:00][%cal Re5d4]} 26. Rd7 {[%emt 0:00:00]}
Qb6 $2 {[%eval 393,26] [%emt 0:00:00][%mdl 8192]} (26... Qb8 $1 $14 {[%eval 48,
30]}) 27. Bxe5 $18 {[%emt 0:00:00]} Rxe5 {[%emt 0:00:00]} 28. Qd2 $2 {[%eval
24,32] [%emt 0:00:00]} (28. R1d6 $1 $18 {[%eval 354,21][%cal Rd6g6]} Re6 29.
Bd5 $1 {[%mdl 512]}) 28... Nxf3 {[%emt 0:01:21]} 29. gxf3 {[%emt 0:00:00]} Rb8
{[%emt 0:00:53]} 30. b4 {[%emt 0:00:00]} c5 $1 {[%emt 0:03:29][%cal Rc5b4]} 31.
Qxf4 $40 {[%emt 0:00:00][%mdl 192] Double Attack. White attacks.} Rf5 {[%emt 0:
01:39]} 32. Qxb8+ {[%emt 0:00:00][%mdl 64] Remove Defender} Qxb8 {[%emt 0:00:
08]} 33. Rd8+ {[%emt 0:00:00] [#]} Qxd8 $1 {[%emt 0:00:11][%mdl 512]} 34. Rxd8+
$14 {[%emt 0:00:00][%mdl 4096] Endgame KR-KR} Kg7 {[%emt 0:00:47]} 35. Rd3 {
[%emt 0:00:00] Kc2 is the strong threat.} cxb4 $1 {[%emt 0:02:47]} 36. axb4 {
[%emt 0:00:00] Strongly threatening Kb2.} Rf4 {[%emt 0:00:54]} 37. Rc3 {
[%emt 0:00:00] Black must now prevent Ka2.} Kf6 {[%emt 0:02:49]} 38. Kc2 {
[%emt 0:00:00]} Rd4 $2 {[%eval 428,25] [%emt 0:02:04][%mdl 8192]} ({Black
should play} 38... Ke6 $14 {[%eval 63,35]}) 39. Kb3 $18 {[%emt 0:00:00]} Rd2 {
[%emt 0:01:33]} 40. b5 {[%emt 0:02:21]} axb5 {[%emt 0:00:51]} 41. cxb5 {
[%emt 0:00:03]} Ke5 $2 {[%eval 542,28] [%emt 0:01:18]} (41... Ke6 {[%eval 317,
24]} 42. Rc4 Kd7) 42. Kb4 {[%emt 0:00:41]} Rxf2 {[%emt 0:00:45]} 43. b6 {
[%eval 234,28] [%emt 0:00:04]} (43. Kc5 $142 {[%eval 519,35]}) 43... Rb2+ {
[%emt 0:00:39] [#]} 44. Kc5 $1 {[%emt 0:00:04] Hoping for Rc4.} ({And not} 44.
Rb3 Rxb3+ 45. Kxb3 Kd6 $11) 44... Kf4 {[%emt 0:00:38] [#]} 45. Rc4+ $1 {
[%emt 0:00:47]} Kg3 {[%emt 0:00:25]} 46. Rb4 {[%emt 0:00:27]} Re2 $2 {[%eval
531,27] [%emt 0:00:36]} (46... Rd2 {[%eval 247,31] is a better defense.} 47. b7
Rd8) 47. b7 {[%emt 0:04:55]} Re8 {[%emt 0:00:09]} 48. b8=Q+ $2 {[%eval 34,49] 
[%emt 0:00:04]} (48. Kd6 $18 {[%eval 470,24]}) 48... Rxb8 $14 {[%emt 0:00:06]}
49. Rxb8 {[%emt 0:00:02]} Kxh3 {[%emt 0:00:45] KR-K3P} 50. Rh8 {[%emt 0:00:02]
Threatens to win with Kd4.} Kg3 {[%emt 0:00:59]} 51. Kd4 {[%emt 0:00:05]} (51.
f4 $5 h3 52. Kd5 $14) 51... h3 {[%emt 0:00:29]} 52. Ke5 {[%emt 0:00:03]} h2 $2
{[%eval 32722,73] [%emt 0:00:39][%mdl 8192]} (52... g5 $11 {[%eval 0,53]}) 53.
Kf6 {[%emt 0:00:21] White mates.} Kg2 {[%emt 0:00:34]} 54. f4 {[%emt 0:02:01]}
Kg3 {[%emt 0:00:16]} 55. Rh6 {[%emt 0:00:47]} Kxf4 {[%emt 0:00:36]} 56. Rxh2 {
[%emt 0:00:04] KR-KPP} g5 {[%emt 0:00:25]} 57. Rf2+ {[%emt 0:01:19]} Kg3 {
[%emt 0:00:29]} 58. Rf5 {[%emt 0:00:04]} g4 {[%emt 0:00:33]} 59. Kg5 {[%emt 0:
00:05]} Kh3 {[%emt 0:00:34]} 60. Rxf7 {[%emt 0:00:10]} g3 {[%emt 0:00:24]} 61.
Rh7+ {[%emt 0:00:04]} Kg2 {[%emt 0:00:08]} 62. Kg4 {[%emt 0:00:02] Accuracy:
White = 66%, Black = 56%.} 1-0